000 00744nam a2200205Ia 4500
001 5158
003 GE_BSU
008 181216s||||||||xx |||||||||||||| ||und||
040 _cGE_BSU
080 _a811.112.2(075.8)
100 _aГородникова М. Д., Карлин А. Л
245 _aПроверьте свои знания и умения (трудности немецкого речевого общения).
245 _bУчебное пособие для студ. и фик-ов иностранных яыков
260 _aМосква
260 _bВысшая школа,
260 _c1986
300 _a170с.20 см.
653 _aПроверьте свои знания и умения
942 _cBK
999 _c38796
_d38796